00868 2200301 4500001002100000005001500021035002000036007000300056008004100059020002200100082001500122084001700137100003700154245007900191250002600270300002500296650001800321700002300339264003000362336002100392337003000413338002300443040002200466090002200488850001200510999002200522990002200544INLIS00000000086090220210610104121 a0010-0621000437ta210610s2021 yoi f ind d a978-979-21-6861-704223a291.21 a291.21 PUR s1 aPurwa HadiwardoyocALePengarang10aSpiritualitas orang-orang katolik /cPurwa Hadiwardoyo; penyunting, Erdian aCetakan pertama, 2021 a120 halaman ;c19 cm 4aSpiritualisme0 aErdianePenyunting31aSleman :bKanisius,c2021 2rdacontentateks 2rdamediaatanpa perantara 2rdacarrieravolume aYOPDYOGbinderda aCB-D.11 2021-0490 aYOPDYOG aCB-D.11/2021-0490 aCB-D.11/2021-0490